000 00408nam a22001217a 4500
082 _a220 PRO
100 _aHAMZA,UMAIR,ZAHEER
_971968
245 _aPR-SOF-1250-TROUBLE SHOOTING OF CIM SETUP AND IMPLEMENTATION OF COMPUTER INTEGRATED MANUFACTURING USING CNC CAD CAM
260 _aISLAMABAD
_bNUST COLLEGE OF EME
_c2013
650 _aDE-MTS-31
700 _aSUPERVISOR SALEEM ULLAH SUMBAL
_971873
942 _cCR
999 _c578215
_d578215